000 02576nam a2200541 a 4500
999 _c4233
_d4233
003 AKMAL
005 20170525155054.0
008 170525s2011 my | e | o000 0 may d
020 _a9789830688305 (kkt.) :
_cRM32.00
040 _aAKMAL
082 0 4 _a959.5 NAJ
_222
090 0 0 _a959.5
_bNAJ
100 0 _aMohd. Najib Tun Haji Abdul Razak,
_cDato' Sri,
_d1953-
_9528
245 1 0 _aMenjuarai transformasi =
_bDriving transformation /
_cNajib Tun Razak
246 3 1 _aDriving transformation
260 _aKuala Lumpur :
_bInstitut Terjemahan Negara Malaysia,,
_c2011
300 _axiii, 82ms. ;
_c23cm.
546 _aTeks sejajar Bahasa Melayu dan Bahasa Inggeris
651 1 0 _aMalaysia
_xPolitics and government
_944
651 2 0 _aMalaysia
_xSocial conditions
_945
651 2 0 _aMalaysia
_xEconomic conditions
_963
942 _2ddc
_cBOOK